| 000 | 01269naa a2200313 c 4500 | ||
|---|---|---|---|
| 001 | 47796 | ||
| 003 | ES-MaCES | ||
| 005 | 20160622094053.0 | ||
| 008 | 160622s2016 sp ||||| t||||||| ||spa d | ||
| 040 |
_aES-MaCES _bspa _cES-MaCES _dES-MaCES |
||
| 100 | 1 |
_936999 _aTrombetta, Marco |
|
| 245 | 1 | 0 |
_aEducación financiera e iniciativa empresarial en España _b: un estudio exploratorio _cMarco Trombetta |
| 500 | _aResumen | ||
| 504 | _aBibliografía: p. 19-20 | ||
| 650 | 4 |
_929935 _aenseñanza de la economía |
|
| 650 | 4 |
_927367 _aeducación |
|
| 650 | 4 |
_930761 _asector financiero |
|
| 650 | 4 |
_928105 _aactividad bancaria |
|
| 650 | 4 |
_930016 _acreación de empresa |
|
| 650 | 4 |
_930170 _atrabajo a cuenta propia |
|
| 650 | 4 |
_928270 _acompetitividad |
|
| 650 | 4 |
_928856 _aencuesta |
|
| 650 | 4 |
_928893 _aevaluación |
|
| 650 | 4 |
_926964 _aEspaña |
|
| 653 | 1 | 0 | _aEducación |
| 773 | 0 |
_984739 _d[Madrid (Juan Hurtado de Mendoza, 14, 28036)] [Fundación Fondo para la Investigación Económica y Social, Obra Social de la Confederación Española de Cajas de Ahorros] _o087637 _tCuadernos de información económica _w(ES-MaCES)25356 _gn. 252 (mayo-jun. 2016) {10345 R. 087637} ;p. 1-20 |
|
| 902 | _aART Artículo de revista | ||
| 942 |
_2CES _cAR _h0.0. |
||
| 999 |
_c47796 _d47796 |
||